| 000 | 00398cam a2200169ua 4500 | ||
|---|---|---|---|
| 001 | 8039 | ||
| 008 | 060101n1990 II |||gr||||Z||||||asm | ||
| 040 | _aMAIN | ||
| 041 | _aEnglish | ||
| 082 | _a330 BAR | ||
| 100 | _aBARUA, DILIP KUMAR. | ||
| 245 | _aUCHATTAR MADHYAMIK ARTHABIGYAN | ||
| 260 |
_aGUWAHATI _bARUN PRAKASHAN _c1990 |
||
| 300 |
_a176: _c20CM. |
||
| 700 | _aBARUA, INDIRA. | ||
| 942 | _cBK | ||
| 999 |
_c8020 _d8020 |
||